Tabela Pucharu Polski wszechczasów (top 30) - Statystyki

Ogólne statystyki
  • Ten quiz został rozwiązany 58 razy
  • Średni wynik to 24 z 30
Statystyki odpowiedzi
Miejsce Odpowiedź % Poprawnych
4 Lech Poznań
100%
1 Legia Warszawa
100%
3 Wisła Kraków
98%
17 Jagiellonia Białystok
96%
11 Arka Gdynia
94%
20 Cracovia
94%
2 Górnik Zabrze
94%
12 Lechia Gdańsk
94%
10 Śląsk Wrocław
94%
18 Zagłębie Lubin
94%
5 Ruch Chorzów
92%
16 Widzew Łódź
92%
9 ŁKS Łódź
91%
6 GKS Katowice
89%
15 Polonia Warszawa
85%
29 Korona Kielce
83%
24 Stal Mielec
83%
8 Pogoń szczecin
79%
13 Raków Częstochowa
79%
22 Wisła Płock
79%
27 Piast Gliwice
77%
21 Polonia Bytom
75%
7 Zagłębie Sosnowiec
74%
26 Zawisza Bydgoszcz
74%
14 Amica Wronki
66%
25 Odra Opole
62%
28 Stal Rzeszów
55%
30 Dyskobolia Grodzisk Wielkopolski
40%
23 Szombierki Bytom
40%
19 Gwardia Warszawa
36%
Nie znaleziono quizów pasujących do podanych kryteriów
Rozkład punktacji
Procent ludzi z każdym wynikiem
Percentyl według liczby udzielonych odpowiedzi
Twoja historia wyników
Nie rozwiązałeś tego quizu